[Event "It"]
[Site "masterchessopen.com Akureyri (Iceland)"]
[Round "0"]
[White "Thorhallsson Gylfi (ISL)"]
[Black "Sokolov Ivan (NED)"]
[Result "0-1"]
[WhiteElo "2330"]
[BlackElo "2625"]

1.e4 e5 2.Nf3 Nc6 3.Bb5 a6 4.Ba4 Nf6 5.O-O Be7 6.Re1 b5 7.Bb3 d6 8.c3 O-O 9.h3
Nb8 10.d4 Nbd7 11.Nbd2 Bb7 12.Bc2 Re8 13.Nf1 Bf8 14.Ng3 g6 15.Bg5 h6 16.Bd2
Bg7 17.Rc1 exd4 18.cxd4 c5 19.d5 Nb6 20.Ba5 Nfd7 21.b3 b4 22.Re2 Rb8 23.h4 h5
24.Ng5 Be5 25.Qd3 Qf6 26.Rf1 Qf4 27.Nh3 Qxh4 28.f4 Bd4+ 29.Kh2 Bc8 30.Bxb4 Nf6
31.Be1 Bg4 32.Nf5 Bxe2 33.Qxe2 Ng4+ 34.Kh1 Qf6 35.Bh4 Qxf5 {#R} 0-1

[Event "It (open)"]
[Site "masterchessopen.com Bled (Slovenia)"]
[Round "1"]
[White "Illijin Neboisa (ROM)"]
[Black "Sebenik Matej (SLO)"]
[Result "1-0"]
[WhiteElo "2290"]
[BlackElo "2529"]

1.e4 e5 2.Nf3 Nc6 3.Bb5 a6 4.Ba4 Nf6 5.O-O b5 6.Bb3 Be7 7.Re1 d6 8.c3 O-O 9.h3
Nb8 10.d4 Nbd7 11.Nbd2 Bb7 12.Bc2 Re8 13.Nf1 d5 14.exd5 exd4 15.Nxd4 Bxd5
16.Bg5 Bc5 17.Ne3 Be4 18.Bxe4 Rxe4 19.Qd3 Qe7 20.f3 Bxd4 21.fxe4 Bb6 22.Kh1
Nxe4 23.Bxe7 Nf2+ 24.Kh2 Nxd3 25.Red1 Nxb2 26.Rxd7 Bxe3 27.g3 c5 28.Re1 Nc4
29.Rd3 Bh6 30.Bxc5 Rc8 31.Be7 Nb2 32.Rd8+ Rxd8 33.Bxd8 g6 34.Bf6 Kf8 35.Kg2
Nc4 36.Kf3 Bd2 37.Rd1 Ke8 38.Ke2 {#r} 1-0

[Event "It \"]
[Site "masterchessopen.com Chrudim (Czech Republic)"]
[Round "8"]
[White "Rajcsanyi Zita (HUN)"]
[Black "Holoubkova Martina (CZE)"]
[Result "1-0"]
[WhiteElo "2127"]
[BlackElo "2268"]

1.e4 e5 2.Nf3 Nc6 3.Bb5 a6 4.Ba4 Nf6 5.O-O Be7 6.Re1 b5 7.Bb3 d6 8.c3 O-O 9.h3
Nb8 10.d4 Nbd7 11.Nbd2 Bb7 12.Bc2 Re8 13.Nf1 Bf8 14.Ng3 g6 15.b3 Bg7 16.Bb2 c6
17.c4 bxc4 18.bxc4 exd4 19.Rb1 a5 20.Bxd4 Ba6 21.Bd3 Qc7 22.Qc2 Nh5 23.Nxh5
gxh5 24.Bxg7 Kxg7 25.Nh4 Ne5 26.Nf5+ Kf8 27.Qc3 f6 28.Qd2 Ng6 29.Qh6+ Kg8
30.Re3 Rab8 31.Rd1 Rb2 32.Be2 Rxe2 33.Rxe2 Bxc4 34.Rb2 d5 35.Rdb1 Ba6 36.Rb8
Rc8 37.Rxc8+ Bxc8 38.Rb8 {#r} 1-0

[Event "Ch Hungary (team)"]
[Site "masterchessopen.com Hungary"]
[Round "2"]
[White "Fogarasi Tibor (HUN)"]
[Black "Wells Peter K (ENG)"]
[Result "1-0"]
[WhiteElo "2445"]
[BlackElo "2490"]

1.e4 e5 2.Nf3 Nc6 3.Bb5 a6 4.Ba4 Nf6 5.O-O Be7 6.Re1 b5 7.Bb3 d6 8.c3 O-O 9.h3
Nb8 10.d4 Nbd7 11.Nbd2 Bb7 12.Bc2 Re8 13.Nf1 Bf8 14.Ng3 g6 15.a4 c5 16.d5 c4
17.Bg5 h6 18.Be3 Nc5 19.Qd2 h5 20.Bg5 Be7 21.Bh6 Nh7 22.Ra2 Rb8 23.Be3 Qc7
24.Bh6 Bc8 25.axb5 axb5 26.Rea1 Bd7 27.Nh2 Qd8 28.Nf3 Rb7 29.Be3 Qc7 30.Ra8
Rxa8 31.Rxa8+ Rb8 32.Ra1 Rb7 33.Ra8+ Rb8 34.Ra1 Rb7 35.Ra8+ {#r} 1-0

[Event "Tournament"]
[Site "masterchessopen.com Hungary"]
[Round "0"]
[White "Nemeth Antal (HUN)"]
[Black "Gacso Tibor (HUN)"]
[Result "0-1"]
[WhiteElo "2288"]
[BlackElo "2094"]

1.e4 e5 2.Nf3 Nc6 3.Bb5 a6 4.Ba4 Nf6 5.O-O Be7 6.Re1 b5 7.Bb3 O-O 8.c3 d6 9.h3
Nb8 10.d4 Nbd7 11.Nbd2 Bb7 12.Bc2 Re8 13.Nf1 Bf8 14.Ng3 g6 15.a4 c5 16.d5 c4
17.Bg5 h6 18.Be3 Nc5 19.Qd2 h5 20.Ng5 Bh6 21.Qe2 Qe7 22.h4 Ng4 23.Bd2 Reb8
24.f3 Nf6 25.Rf1 Nh7 26.f4 exf4 27.Bxf4 Bxg5 28.hxg5 h4 29.Nh1 Bxd5 30.Nf2 Re8
{#R} 0-1

[Event "Ch Colombia (1/2 final)"]
[Site "masterchessopen.com Barranquilla (Colombia)"]
[Round "3"]
[White "Martinez Cristian (COL)"]
[Black "Rios Juan Fernando (COL)"]
[Result "1-0"]
[WhiteElo "2234"]
[BlackElo "2109"]

1.e4 e5 2.Nf3 Nc6 3.Bb5 a6 4.Ba4 Nf6 5.O-O Be7 6.Re1 b5 7.Bb3 d6 8.c3 O-O 9.h3
Nb8 10.d4 Nbd7 11.Nbd2 Bb7 12.Bc2 Re8 13.Nf1 Bf8 14.Ng3 g6 15.a4 Nb6 16.a5
Nbd7 17.d5 c6 18.dxc6 Bxc6 19.b4 d5 20.Bb3 dxe4 21.Ng5 Re7 22.Qc2 Bd5 23.Rd1
Bxb3 24.Qxb3 Qc7 25.N3xe4 Nxe4 26.Nxe4 Bg7 27.Qd5 Ra7 28.Bg5 Re6 29.Be3 Rb7
30.Nc5 Nxc5 31.Qd8+ Qxd8 32.Rxd8+ Bf8 33.Bxc5 {#r} 1-0

[Event "It (cat.7)"]
[Site "masterchessopen.com Budapest (Hungary)"]
[Round "0"]
[White "Borocz Istvan (HUN)"]
[Black "Volzhin Alexander (RUS)"]
[Result "1-0"]
[WhiteElo "1855"]
[BlackElo "2460"]

1.e4 e5 2.Nf3 Nc6 3.Bb5 a6 4.Ba4 Nf6 5.O-O Be7 6.Re1 b5 7.Bb3 d6 8.c3 O-O 9.h3
Nb8 10.d4 Nbd7 11.Nbd2 Bb7 12.Bc2 Re8 13.Nf1 Bf8 14.Ng3 g6 15.Bg5 h6 16.Bd2
exd4 17.cxd4 c5 18.d5 Bg7 19.a4 Nb6 20.Ba5 Nfd7 21.Rb1 b4 22.Nd2 Bd4 23.Nf3
Bg7 24.Nf1 Qb8 25.N1d2 Nc8 26.Nc4 Na7 27.Qd2 Nb5 28.Bd3 Bc8 29.Ra1 Nd4 30.Nxd4
Bxd4 31.Kh1 Ne5 32.f4 Nxc4 33.Bxc4 Bb7 34.Bxb4 Qd8 35.Bc3 {#r} 1-0

[Event "It (open) \"]
[Site "masterchessopen.com Buenos Aires (Argentina)"]
[Round "2"]
[White "Bernard Ignacio (ARG)"]
[Black "Slipak Sergio (ARG)"]
[Result "0-1"]
[WhiteElo "2295"]
[BlackElo "2520"]

1.e4 e5 2.Nf3 Nc6 3.Bb5 a6 4.Ba4 Nf6 5.O-O Be7 6.Re1 b5 7.Bb3 d6 8.c3 O-O 9.h3
Nb8 10.d4 Nbd7 11.Nbd2 Bb7 12.Bc2 Re8 13.Nf1 Bf8 14.d5 c6 15.dxc6 Bxc6 16.Ng3
Nc5 17.Nh2 d5 18.Bg5 dxe4 19.Qe2 Nd3 20.Ng4 Nxe1 21.Nh5 Nxh5 22.Bxd8 Nxc2
23.Qxc2 Raxd8 24.Ne3 Nf4 25.Rd1 Rxd1+ 26.Qxd1 Nd3 27.b3 Bc5 28.Qg4 Nxf2
29.Kxf2 f5 30.Qd1 f4 31.b4 Bxe3+ 32.Ke2 Bb6 33.Qd6 f3+ 34.Kf1 Rd8 35.Qe6+ Kh8
36.Qb3 Bd5 {#R} 0-1

[Event "Ch Australia (juniors) (under 20)"]
[Site "masterchessopen.com Canberra (Australia)"]
[Round "10"]
[White "McDonald Joel (AUS)"]
[Black "Wilkins Michael (AUS)"]
[Result "1-0"]
[WhiteElo "2015"]
[BlackElo "2245"]

1.e4 e5 2.Nf3 Nc6 3.Bb5 a6 4.Ba4 Nf6 5.O-O Be7 6.Re1 b5 7.Bb3 d6 8.h3 O-O 9.c3
Nb8 10.d4 Nbd7 11.Nbd2 Bb7 12.Bc2 Re8 13.Nf1 Bf8 14.Ng3 g6 15.Bg5 Bg7 16.Qd2
c5 17.d5 c4 18.Bh6 Nc5 19.h4 Qb6 20.h5 Bc8 21.a4 Bg4 22.Bxg7 Kxg7 23.h6+ Kg8
24.Qg5 Ncd7 25.Nh2 Bh5 26.Nf5 Kf8 27.Ng7 Red8 28.g4 Bxg4 29.Nxg4 Nxg4 30.Qxg4
bxa4 31.Bxa4 Nc5 32.Bc6 Rab8 33.Qf3 Qxb2 34.Ne6+ Kg8 35.Qf6 Nxe6 36.dxe6 {#r}
1-0

[Event "It (cat.5)"]
[Site "masterchessopen.com Enghien (France)"]
[Round "7"]
[White "Payen Arnaud (FRA)"]
[Black "Viot Alain (FRA)"]
[Result "1-0"]
[WhiteElo "2345"]
[BlackElo "2132"]

1.e4 e5 2.Nf3 Nc6 3.Bb5 a6 4.Ba4 Nf6 5.O-O Be7 6.Re1 b5 7.Bb3 d6 8.c3 O-O 9.h3
Nb8 10.d4 Nbd7 11.c4 c6 12.a3 Bb7 13.Nc3 Qc7 14.Bg5 Rad8 15.Rc1 Qb8 16.Qc2
Rfe8 17.Ba2 h6 18.Bh4 Nh5 19.Bxe7 Rxe7 20.b4 Nf4 21.Rcd1 Ne6 22.Qd2 Ree8
23.cxb5 cxb5 24.Bxe6 Rxe6 25.dxe5 dxe5 26.Re3 Bc6 27.Rd3 Qb7 28.Nh4 Rc8 29.Nf5
Nb6 30.Nd6 Rxd6 31.Rxd6 Nc4 32.Rd8+ Kh7 33.Qe2 Nxa3 34.Qh5 Rxd8 35.Rxd8 Qe7
36.Qf5+ g6 37.Qc8 {#r} 1-0

[Event "It (open)"]
[Site "masterchessopen.com Graz (Austria)"]
[Round "4"]
[White "Bawart Markus (AUT)"]
[Black "Trabert Bettina (GER)"]
[Result "0-1"]
[WhiteElo "2355"]
[BlackElo "2210"]

1.e4 e5 2.Nf3 Nc6 3.Bb5 a6 4.Ba4 Nf6 5.O-O Be7 6.Re1 b5 7.Bb3 d6 8.c3 O-O 9.h3
Nb8 10.d4 Nbd7 11.Nbd2 Bb7 12.Bc2 Re8 13.Nf1 Bf8 14.Ng3 g6 15.d5 c6 16.dxc6
Bxc6 17.Bg5 h6 18.Bb3 Nc5 19.Bd5 Bxd5 20.Bxf6 Qxf6 21.Qxd5 Ne6 22.Nh2 h5
23.Qd1 Rad8 24.Qf3 Bg7 25.Rad1 Nc7 26.Rd3 d5 27.Red1 d4 28.Ne2 Ne6 29.b4 Qe7
30.Ng3 Nf4 31.R3d2 dxc3 32.Rxd8 Rxd8 {#R} 0-1

[Event "Ch Hungary (team)"]
[Site "masterchessopen.com Hungary"]
[Round "0"]
[White "Tolnai Tibor (HUN)"]
[Black "Gazik Igor (SVK)"]
[Result "1-0"]
[WhiteElo "2455"]
[BlackElo "2385"]

1.e4 e5 2.Nf3 Nc6 3.Bb5 a6 4.Ba4 Nf6 5.O-O Be7 6.Re1 b5 7.Bb3 O-O 8.h3 d6 9.c3
Nb8 10.d4 Nbd7 11.Nbd2 Bb7 12.Bc2 Re8 13.Nf1 Bf8 14.Ng3 g6 15.a4 c5 16.d5 c4
17.Bg5 h6 18.Be3 Qc7 19.Qd2 Kh7 20.Ra3 Nc5 21.Rea1 Reb8 22.R1a2 bxa4 23.Qd1
Bc8 24.Nd2 Bd7 25.Bxc5 Qxc5 26.Nb1 h5 27.Qf3 Bg7 28.Bxa4 Rb7 29.Nf1 Rab8
30.Qe2 Bb5 31.Bxb5 axb5 32.Nbd2 Nd7 33.b3 cxb3 34.Nxb3 Qc4 35.Qf3 b4 36.Na5
Qc8 37.cxb4 Rxb4 {#r} 1-0

[Event "Ch Hungary (team) 1995/96"]
[Site "masterchessopen.com Hungary"]
[Round "3"]
[White "Sherzer Alex (USA)"]
[Black "Wells Peter K (ENG)"]
[Result "1-0"]
[WhiteElo "2490"]
[BlackElo "2545"]

1.e4 e5 2.Nf3 Nc6 3.Bb5 a6 4.Ba4 Nf6 5.O-O Be7 6.Re1 b5 7.Bb3 d6 8.c3 O-O 9.h3
Nb8 10.d4 Nbd7 11.Nbd2 Bb7 12.Bc2 Re8 13.Nf1 Bf8 14.Ng3 g6 15.b3 Bg7 16.d5 Nb6
17.Rb1 c6 18.c4 Qc7 19.Bd3 Nfd7 20.Be3 Rec8 21.Qd2 bxc4 22.bxc4 Na4 23.Bh6 f6
24.Nh4 Nac5 25.Be2 Nf8 26.Be3 Nfd7 27.Bg4 Rcb8 28.Red1 cxd5 29.cxd5 Rc8
30.Rbc1 Qb6 31.Be6+ Kh8 32.Bh6 Bxh6 33.Nxg6+ {#r} 1-0

[Event "Ch Netherlands (team)"]
[Site "masterchessopen.com Netherlands"]
[Round "0"]
[White "De Ruiter Tom (NED)"]
[Black "Tolk Peter (NED)"]
[Result "1-0"]
[WhiteElo "2118"]
[BlackElo "2295"]

1.e4 e5 2.Nf3 Nc6 3.Bb5 a6 4.Ba4 Nf6 5.O-O Be7 6.Re1 b5 7.Bb3 O-O 8.h3 d6 9.c3
Nb8 10.d4 Nbd7 11.Nbd2 Bb7 12.Bc2 Re8 13.Nf1 Bf8 14.Ng3 g6 15.a4 Bg7 16.dxe5
Nxe5 17.Nxe5 Rxe5 18.Bf4 Re8 19.Qd2 Nd7 20.Bg5 Bf6 21.h4 Nc5 22.axb5 axb5
23.Rxa8 Bxa8 24.f4 h6 25.Bxf6 Qxf6 26.h5 Kg7 27.Qf2 Ne6 28.Rf1 Nc5 29.e5 dxe5
30.Qxc5 exf4 31.hxg6 {#r} 1-0

[Event "It (open)"]
[Site "masterchessopen.com North Bay (Canada)"]
[Round "0"]
[White "Hartman Brian (CAN)"]
[Black "Kaptsan Aron (CAN)"]
[Result "1-0"]
[WhiteElo "2400"]
[BlackElo "2043"]

1.e4 e5 2.Nf3 Nc6 3.Bb5 a6 4.Ba4 Nf6 5.O-O Be7 6.Re1 b5 7.Bb3 d6 8.c3 O-O 9.h3
Nb8 10.d4 Nbd7 11.Nbd2 Bb7 12.Bc2 Re8 13.Nf1 Bf8 14.Ng3 exd4 15.cxd4 c5 16.d5
g6 17.Bg5 Ne5 18.Nxe5 Rxe5 19.Qd2 Re8 20.Qf4 Be7 21.Bh6 Bf8 22.Re3 Nd7 23.Bxf8
Nxf8 24.Rae1 Qe7 25.e5 dxe5 26.Rxe5 Qd7 27.Ne4 {#r} 1-0

[Event "It \"]
[Site "masterchessopen.com Philadelphia (USA)"]
[Round "7"]
[White "Belanger Jacques (USA)"]
[Black "Kaptsan Aron (CAN)"]
[Result "0-1"]
[WhiteElo "2168"]
[BlackElo "2043"]

1.e4 e5 2.Nf3 Nc6 3.Bb5 a6 4.Ba4 Nf6 5.O-O Be7 6.Re1 b5 7.Bb3 d6 8.c3 O-O 9.h3
Nb8 10.d4 Nbd7 11.Nbd2 Bb7 12.Bc2 Re8 13.b4 Bf8 14.a4 Nb6 15.a5 Nbd7 16.Bb2
Rc8 17.d5 c6 18.dxc6 Bxc6 19.Nf1 g6 20.Ng3 d5 21.exd5 Bxd5 22.Ne4 Bxe4 23.Bxe4
Nxe4 24.Rxe4 Qc7 25.Qe2 f5 26.Rh4 Be7 27.Rh6 e4 28.Nd4 Bg5 29.Nxf5 Qf4 30.g4
Ne5 31.Bc1 Nf3+ 32.Kf1 Qh2 33.Qa2+ Rc4 34.Bxg5 gxf5 35.Be3 f4 36.Bd4 e3
37.Bxe3 fxe3 38.fxe3 Qg1+ {#R} 0-1

[Event "Ch Slovakia (team) 1995/96 (2 liga) (b)"]
[Site "masterchessopen.com Slovakia"]
[Round "2"]
[White "Fabry Robert (SVK)"]
[Black "Lukac Roman (SVK)"]
[Result "1-0"]
[WhiteElo "2177"]
[BlackElo "2165"]

1.e4 e5 2.Nf3 Nc6 3.Bb5 a6 4.Ba4 Nf6 5.O-O b5 6.Bb3 Be7 7.Re1 d6 8.c3 O-O 9.h3
Nb8 10.d4 Nbd7 11.Nbd2 Bb7 12.Bc2 Re8 13.Nf1 Bf8 14.Ng3 g6 15.Bd2 c5 16.d5 c4
17.Qc1 Kh8 18.Bg5 Be7 19.Qd2 Nc5 20.Rad1 Ng8 21.Be3 Bf8 22.Ng5 Qc7 23.f4 f6
24.Nf3 Rad8 25.f5 Re7 26.fxg6 hxg6 27.Nh4 Kh7 28.Qe2 Bc8 29.Rf1 Rg7 30.Ngf5
Bxf5 31.exf5 g5 32.Qh5+ Nh6 33.Ng6 Qf7 34.h4 Be7 35.hxg5 fxg5 36.f6 Bxf6
37.Nxe5+ {#r} 1-0

[Event "Slovak League (2nd) 1994/95"]
[Site "masterchessopen.com Slovakia"]
[Round "14"]
[White "Mokos Jozef (SVK)"]
[Black "Lukac Roman (SVK)"]
[Result "0-1"]
[WhiteElo "2249"]
[BlackElo "2165"]

1.e4 e5 2.Nf3 Nc6 3.Bb5 a6 4.Ba4 Nf6 5.O-O b5 6.Bb3 Be7 7.Re1 d6 8.c3 O-O 9.h3
Nb8 10.d4 Nbd7 11.Nbd2 Bb7 12.Bc2 Re8 13.b3 Bf8 14.Bd3 c6 15.Nf1 g6 16.N3h2
Bg7 17.Ng3 Qc7 18.Bb2 Rad8 19.Qc2 d5 20.dxe5 Nxe5 21.Bf1 dxe4 22.Nxe4 Nxe4
23.Rxe4 c5 24.Ree1 c4 25.Rad1 f5 26.Rxd8 Rxd8 27.Rd1 Be4 28.Qc1 Rd6 29.Ba3 Rd7
30.Rxd7 Qxd7 31.Bc5 Nd3 32.Bxd3 cxd3 33.f3 d2 34.Qd1 Bc2 {#R} 0-1

[Event "It"]
[Site "masterchessopen.com Sonnevanck (Netherlands)"]
[Round "0"]
[White "Riemersma Liafbern (NED)"]
[Black "Wells Peter K (ENG)"]
[Result "0-1"]
[WhiteElo "2415"]
[BlackElo "2545"]

1.e4 e5 2.Nf3 Nc6 3.Bb5 a6 4.Ba4 Nf6 5.O-O Be7 6.Re1 b5 7.Bb3 d6 8.c3 O-O 9.h3
Nb8 10.d4 Nbd7 11.Nbd2 Bb7 12.Bc2 Re8 13.a4 Bf8 14.Bd3 c6 15.Qc2 g6 16.b3 Rc8
17.Bb2 Bg7 18.Rad1 Nh5 19.Bf1 Qb6 20.Qb1 d5 21.axb5 axb5 22.exd5 cxd5 23.dxe5
Nxe5 24.Nxe5 Rxe5 25.Nf3 Re4 26.Nd4 b4 27.Rxe4 dxe4 28.cxb4 Rd8 29.Qa1 Nf4
30.Nc6 Bxc6 31.Rxd8+ Qxd8 32.Bxg7 Nxh3+ 33.gxh3 Qg5+ 34.Kh2 Qf4+ 35.Kg1 e3
36.Be5 {#R} 0-1

[Event "Tournament (juniors)"]
[Site "masterchessopen.com Tomo Zupan (Slovenia)"]
[Round "1"]
[White "Kosmac Blaz (SLO)"]
[Black "Cebasek Jaka"]
[Result "1-0"]
[WhiteElo "2192"]
[BlackElo "1650"]

1.e4 e5 2.Nf3 Nc6 3.Bb5 a6 4.Ba4 Nf6 5.O-O Be7 6.Re1 b5 7.Bb3 d6 8.c3 O-O 9.h3
Nb8 10.d4 Nbd7 11.Nbd2 Bb7 12.Bc2 c5 13.b3 Qb6 14.Bb2 a5 15.dxe5 dxe5 16.c4
Bd6 17.cxb5 Qxb5 18.Nc4 Bc7 19.Nfxe5 Nxe5 20.Nxe5 Rfe8 21.Bd3 Qb6 22.Nc4 Qc6
23.Bxf6 Qxf6 24.Qf3 Qd4 25.Rad1 Rad8 26.Bc2 Qf6 27.Qxf6 Rxd1 28.Qc3 {#r} 1-0

[Event "Ch Europe (juniors) (under 14)"]
[Site "masterchessopen.com Verdun (France)"]
[Round "4"]
[White "Bromberger Stefan (GER)"]
[Black "Ginzburg Mikhail (BLR)"]
[Result "0-1"]
[WhiteElo "2511"]
[BlackElo "2245"]

1.e4 e5 2.Nf3 Nc6 3.Bb5 a6 4.Ba4 Nf6 5.O-O Be7 6.Re1 b5 7.Bb3 d6 8.c3 O-O 9.h3
Nb8 10.d4 Nbd7 11.Nbd2 Bb7 12.Bc2 Re8 13.b4 Bf8 14.a4 Nb6 15.a5 Nbd7 16.Bb2 c5
17.bxc5 dxc5 18.dxc5 Nxc5 19.Nxe5 Rxe5 20.c4 Re8 21.e5 Nfd7 22.f4 Qh4 23.f5
Rad8 24.Ra3 Nxe5 25.Rxe5 Rxe5 26.Bxe5 Qg5 27.Rg3 Qxd2 28.Qg4 Qe1+ {#R} 0-1

[Event "It (open) (b)"]
[Site "masterchessopen.com Zurich (Switzerland)"]
[Round "0"]
[White "Glur Erwin (SUI)"]
[Black "Wagner Peter (SUI)"]
[Result "1-0"]
[WhiteElo "1965"]
[BlackElo "1868"]

1.e4 e5 2.Nf3 Nc6 3.Bb5 a6 4.Ba4 Nf6 5.O-O Be7 6.Re1 b5 7.Bb3 O-O 8.c3 d6 9.h3
Nb8 10.d4 Nbd7 11.Nbd2 Bb7 12.Bc2 Re8 13.Nf1 Bf8 14.Ng3 g6 15.Nh2 d5 16.dxe5
Nxe5 17.f4 Nc4 18.e5 Nd7 19.Nf3 Bh6 20.b3 Ncb6 21.f5 Bxc1 22.Rxc1 Nf8 23.Qd2
Qe7 24.Qh6 Nbd7 25.b4 f6 26.e6 Nb6 27.fxg6 hxg6 28.Bxg6 Nxg6 29.Qxg6+ Qg7
30.Qxg7+ Kxg7 31.Nh4 Nc4 32.Nh5+ {#r} 1-0

[Event "Tournament \"]
[Site "masterchessopen.com Rio de Janeiro (Brazil)"]
[Date "1995.02.14"]
[Round "6"]
[White "Fernandes Jose Costa Jr (BRA)"]
[Black "Silver Albert W (BRA)"]
[Result "1-0"]
[WhiteElo "2305"]
[BlackElo "2149"]

1.e4 e5 2.Nf3 Nc6 3.Bb5 a6 4.Ba4 Nf6 5.O-O Be7 6.Re1 b5 7.Bb3 d6 8.c3 O-O 9.h3
Nb8 10.d4 Nbd7 11.Nbd2 Bb7 12.Bc2 Re8 13.Nf1 Bf8 14.Ng3 g6 15.a4 c5 16.d5 c4
17.Bg5 h6 18.Be3 Nc5 19.Qc1 Kh7 20.Nh2 Rb8 21.f4 exf4 22.Bxf4 bxa4 23.Nf3 Qb6
24.Be3 Bc8 25.Bd4 Bg7 26.Qf4 Ng8 27.e5 Rf8 28.exd6 Bxd4+ 29.Nxd4 Bd7 30.Re7
Nxe7 31.dxe7 Rg8 32.Qxf7+ Rg7 33.Qf4 Be8 34.Re1 Rf7 35.Qe5 Nd7 36.Qh5 Rf6
37.Qg4 Qxb2 38.Nh5 {#r} 1-0

[Event "Ch Poland (team) (juniors) (under 18) (2nd liga) (g)"]
[Site "masterchessopen.com Augustow (Poland)"]
[Round "0"]
[White "Zaremba Dorota (POL)"]
[Black "Kaminska Paulina (POL)"]
[Result "1-0"]
[WhiteElo "2053"]
[BlackElo "1892"]

1.e4 e5 2.Nf3 Nc6 3.Bb5 a6 4.Ba4 Nf6 5.O-O Be7 6.Re1 b5 7.Bb3 d6 8.h3 O-O 9.c3
Nb8 10.d4 Nbd7 11.Nbd2 Bb7 12.Bc2 Re8 13.d5 c6 14.dxc6 Bxc6 15.Nf1 h6 16.Ng3
Nc5 17.b4 Na4 18.Bxa4 bxa4 19.Bd2 a5 20.a3 axb4 21.cxb4 Qb6 22.Bc3 Bf8 23.Nh4
g6 24.Qf3 Be7 25.Bd2 h5 26.Ngf5 Qb7 27.Nh6+ Kg7 28.N4f5+ Kh7 29.Nxd6 Bxd6
30.Qxf6 Bf8 31.Nxf7 Bg7 32.Ng5+ Kg8 33.Qxg6 {#r} 1-0

[Event "Oberliga Baden 1995/96"]
[Site "masterchessopen.com Baden-Wuerttemberg (Germany)"]
[Round "0"]
[White "Bauer Peter (GER)"]
[Black "Gazik Igor (SVK)"]
[Result "1-0"]
[WhiteElo "2259"]
[BlackElo "2360"]

1.e4 e5 2.Nf3 Nc6 3.Bb5 a6 4.Ba4 Nf6 5.O-O Be7 6.Re1 b5 7.Bb3 O-O 8.h3 d6 9.c3
Nb8 10.d4 Nbd7 11.Nbd2 Bb7 12.Bc2 c5 13.d5 c4 14.a4 Nc5 15.Nf1 Qc7 16.Ng3 g6
17.Bh6 Rfb8 18.axb5 axb5 19.Qd2 Bc8 20.Rxa8 Rxa8 21.Nf5 Bxf5 22.exf5 Qb7
23.fxg6 hxg6 24.Rd1 Ra2 25.Bxg6 fxg6 26.Qg5 Kf7 27.Nh4 Ke8 28.Qxg6+ Kd8 29.Nf5
Rxb2 30.Be3 Nce4 31.Ra1 Nxf2 32.Nxe7 Ne8 33.Nc6+ {#r} 1-0

[Event "It (open) \"]
[Site "masterchessopen.com Berlin (Germany)"]
[Round "0"]
[White "Groszpeter Attila (HUN)"]
[Black "Kohler Thomas (GER)"]
[Result "1-0"]
[WhiteElo "2545"]
[BlackElo "2275"]

1.e4 e5 2.Nf3 Nc6 3.Bb5 a6 4.Ba4 Nf6 5.O-O Be7 6.Re1 b5 7.Bb3 O-O 8.c3 d6 9.h3
Nb8 10.d4 Nbd7 11.Nbd2 Bb7 12.Bc2 Re8 13.b3 Bf8 14.a4 g6 15.Bb2 Bg7 16.Bd3 c6
17.Qc2 Rc8 18.Bf1 Qc7 19.Rad1 Qb8 20.c4 exd4 21.Bxd4 bxa4 22.bxa4 c5 23.Bc3
Qa8 24.Qb2 Bc6 25.a5 Rb8 26.Qa1 Nh5 27.g3 Rb4 28.Bg2 Ra4 29.Qc1 Qb7 30.Nh2 Ne5
31.Bf1 Ra2 32.Qb1 Rb8 33.Qxa2 {#r} 1-0

[Event "It (open) (b)"]
[Site "masterchessopen.com Bled (Slovenia)"]
[Round "5"]
[White "Grilc Andrej (SLO)"]
[Black "Krivec Jana (SLO)"]
[Result "0-1"]
[WhiteElo "2116"]
[BlackElo "2045"]

1.e4 e5 2.Nf3 Nc6 3.Bb5 a6 4.Ba4 Nf6 5.O-O Be7 6.Re1 b5 7.Bb3 d6 8.c3 O-O 9.h3
Nb8 10.d4 Nbd7 11.Nbd2 Bb7 12.Bc2 Re8 13.Nf1 Bf8 14.Ng3 g6 15.a4 c5 16.Bg5 h6
17.Bd2 Bg7 18.d5 c4 19.Nh2 Nc5 20.Ng4 Nxg4 21.Qxg4 Bc8 22.Qe2 Bd7 23.Be3 Qc7
24.Ra3 Nxa4 25.Nf5 gxf5 26.exf5 Qd8 27.Qh5 Qf6 28.g4 e4 29.h4 Nc5 30.Bd4 Qd8
31.Be3 Qf6 32.Bd4 Qd8 33.Be3 Nd3 34.Re2 Qf6 35.Bd4 Nf4 36.Bxf6 Nxe2+ {#R} 0-1

[Event "It (a)"]
[Site "masterchessopen.com Budapest (Hungary)"]
[Round "6"]
[White "Bezgodov Alexei (RUS)"]
[Black "Kaabi Mejdi (TUN)"]
[Result "1-0"]
[WhiteElo "2490"]
[BlackElo "2395"]

1.e4 e5 2.Nf3 Nc6 3.Bb5 a6 4.Ba4 Nf6 5.O-O Be7 6.Re1 b5 7.Bb3 d6 8.c3 O-O 9.h3
Nb8 10.d4 Nbd7 11.Nbd2 Bb7 12.Bc2 Re8 13.a4 Bf8 14.b4 Nb6 15.a5 Nbd7 16.Bb2 h6
17.Rb1 Rb8 18.Ba1 Ba8 19.Bd3 exd4 20.cxd4 c5 21.bxc5 dxc5 22.e5 Nd5 23.Bf5 c4
24.e6 fxe6 25.Rxe6 Rxe6 26.Bxe6+ Kh8 27.Bxd7 Qxd7 28.Nxc4 Qc7 29.Nce5 Qxa5
30.Nh4 Be7 31.Nhg6+ Kg8 32.Qg4 Bf6 33.Qe6+ Kh7 34.Nd7 Kxg6 35.Nxb8 h5 36.Nd7
Nc7 37.Nf8+ Kh6 {#r} 1-0

[Event "Cup Yugoslavia (team)"]
[Site "masterchessopen.com Budva (Yugoslavia)"]
[Round "2"]
[White "Popovic Petar (SRB)"]
[Black "Abramovic Bosko (SRB)"]
[Result "0-1"]
[WhiteElo "2575"]
[BlackElo "2490"]

1.e4 e5 2.Nf3 Nc6 3.Bb5 a6 4.Ba4 Nf6 5.O-O Be7 6.Re1 b5 7.Bb3 d6 8.c3 O-O 9.h3
Nb8 10.d4 Nbd7 11.Nbd2 Bb7 12.Bc2 Re8 13.Nf1 Bf8 14.Ng3 g6 15.a4 Bg7 16.Bd3 c6
17.Bg5 Rb8 18.Qd2 Bc8 19.Red1 c5 20.b4 exd4 21.cxd4 c4 22.Bc2 Qb6 23.a5 Qc7
24.Ra3 Bb7 25.Qf4 h5 26.Bh6 Bh8 27.Re3 Nf8 28.Ng5 Ne6 29.Qh4 Nxg5 30.Bxg5 Nh7
31.Nxh5 Nxg5 32.Qxg5 Qe7 33.Qg3 Kf8 34.Nf4 Bg7 35.h4 Qf6 {#R} 0-1

[Event "Ch World (juniors) (under 18)"]
[Site "masterchessopen.com Cala Galdana (Spain)"]
[Round "3"]
[White "Krakops Maris (LAT)"]
[Black "Socko Bartosz (POL)"]
[Result "1-0"]
[WhiteElo "2440"]
[BlackElo "2445"]

1.e4 e5 2.Nf3 Nc6 3.Bb5 a6 4.Ba4 Nf6 5.O-O Be7 6.Re1 b5 7.Bb3 d6 8.c3 O-O 9.h3
Nb8 10.d4 Nbd7 11.Nbd2 Bb7 12.Bc2 Re8 13.a4 Bf8 14.Bd3 c6 15.b3 g6 16.Qc2 Qb6
17.Bb2 exd4 18.cxd4 d5 { ? } 19.e5 Nh5 20.e6 { ! } 20...Rxe6 21.Rxe6 fxe6
22.Bxg6 { ! } 22...Nhf6 ( 22...hxg6 23.Qxg6+ Ng7 24.Ng5 { ? +?? } ) 23.Ng5 { !
} 23...hxg6 24.Qxg6+ Bg7 25.Nxe6 Ne8 26.Nf3 c5 ( 26...Nf8 27.Nxf8 Kxf8 28.Ng5
{ +?? } ) 27.Nfg5 Nf8 28.Qf7+ Kh8 29.dxc5 { } {#r} 1-0

[Event "Ch Russia"]
[Site "masterchessopen.com Elista (Russia)"]
[Round "3"]
[White "Sokolov Andrei (FRA)"]
[Black "Notkin Maksim (RUS)"]
[Result "1-0"]
[WhiteElo "2585"]
[BlackElo "2520"]

1.e4 e5 2.Nf3 Nc6 3.Bb5 a6 4.Ba4 Nf6 5.O-O Be7 6.Re1 b5 7.Bb3 d6 8.c3 O-O 9.h3
Nb8 10.d4 Nbd7 11.Nbd2 Bb7 12.Bc2 Re8 13.a4 Bf8 14.Bd3 d5 15.axb5 exd4 16.e5
dxc3 17.Nb3 Ne4 18.bxa6 Bc8 19.bxc3 Ndc5 20.Nxc5 Bxc5 21.Be3 Bxe3 22.Rxe3 Nc5
23.a7 c6 24.Qb1 Nxd3 25.Qxd3 Qe7 26.Qd4 c5 27.Qxd5 Rxa7 28.Rxa7 Qxa7 29.Ng5
Qc7 30.Qe4 g6 31.Qh4 h5 32.Ne4 Re6 33.Nf6+ Kg7 34.Qg5 {#r} 1-0

[Event "Ch Slovenia"]
[Site "masterchessopen.com Grize (Slovenia)"]
[Round "0"]
[White "Mencinger Vojko (SLO)"]
[Black "Mazi Leon (SLO)"]
[Result "0-1"]
[WhiteElo "2390"]
[BlackElo "2325"]

1.e4 e5 2.Nf3 Nc6 3.Bb5 a6 4.Ba4 Nf6 5.O-O Be7 6.Re1 b5 7.Bb3 d6 8.c3 O-O 9.h3
Nb8 10.d4 Nbd7 11.c4 c6 12.a3 Qc7 13.Nc3 Bb7 14.Ba2 Rad8 15.Qe2 Nb6 16.dxe5
dxe5 17.Be3 Nbd7 18.b4 c5 19.cxb5 cxb4 20.bxa6 bxc3 21.axb7 Qxb7 22.Ng5 Nxe4
23.Qf3 Ndf6 24.Nxf7 Rxf7 25.Bxf7+ Kxf7 26.Bg5 Qb2 27.Bxf6 Nxf6 28.g4 e4 29.Qe2
Qxe2 30.Rxe2 Ra8 31.Re3 Nd5 32.Rxe4 Rxa3 33.Rxe7+ Kxe7 34.Rxa3 c2 35.Ra1 Nc3
36.Kg2 Nb1 {#R} 0-1